Localización de fallas en líneas de distribución a partir de las corrientes de cortocircuito
Guardado en:
| Autor principal: | |
|---|---|
| Otros Autores: | |
| Formato: | Libro |
| Publicado: |
San José, C.R. : [editor no identificado]
1999
|
| Materias: | |
| Etiquetas: |
Agregar Etiqueta
Sin Etiquetas, Sea el primero en etiquetar este registro!
|
MARC
| LEADER | 00000nam a2200000Ia 4500 | ||
|---|---|---|---|
| 003 | 011382 | ||
| 005 | 20221231144217.0 | ||
| 008 | 140114s1999 cr a m 000 ||s d | ||
| 040 | |c cru CEDI | ||
| 090 | |a TFG 4003 | ||
| 100 | |a Jiménez Mora, Erick Alonso |9 8661 | ||
| 245 | |a Localización de fallas en líneas de distribución a partir de las corrientes de cortocircuito | ||
| 260 | |c 1999 |a San José, C.R. : [editor no identificado] | ||
| 300 | |a ix, 70 hojas : ilustraciones | ||
| 500 | |a Proyecto de graduación (bachillerato en ingeniería eléctrica)--Universidad de Costa Rica. Facultad de Ingeniería. Escuela de Ingeniería Eléctrica | ||
| 650 | |x LINEAS ELECTRICAS |x CORTOCIRCUITOS |x CONTROL AUTOMATICO |9 8662 | ||
| 700 | |9 6533 |a Novo Gutiérrez, Ludbyg Johanes | ||
| 942 | |c TFG | ||
| 999 | |c 18484 |d 18484 | ||
